000 00908cam a22002411 4500
001 gs 15000617
003 DLC
005 20260227111318.0
008 780407s1908 ii f 000 0 eng c
010 _ags 15000617
035 _a(OCoLC)3788989
040 _aLibrary, U. S. Geological Survey
_cGU
_dGU
_dDLC
042 _apremarc
050 0 0 _aQE756.I4
_bA4 vol.2, no.5
100 1 _aReed, F. R. C.
_q(Frederick Richard Cowper),
_d1869-
245 1 4 _aThe Devonian faunas of the northern Shan states.
_cPlates I to XX. [By R. F. Cowper Reed]
260 _aCalcutta,
_bOffice of the Geological Survey,
_c1908.
300 _a163 p., 20 l.
_bXX pl.
_c35 cm.
490 0 _aIndia (Republic). Geological Survey. Memoirs. Palaeontologia Indica, n.s.,
_vv. 2, no. 5
500 _aAt head of title: Memoirs of the Geological Survey of India.
650 0 _aPaleontology
_zIndia.
650 0 _aPaleontology
_yDevonian.
999 _c25550
_d25550